Nature's way : native wisdom for living in balance ... Read More
Record details
- ISBN: 0060514566 :
- Physical Description: xvi, 285 p. ; 24 cm.
- Edition: 1st ed.
- Publisher: [San Francisco] : Harper San Francisco, c2004.
Content descriptions
| Bibliography, etc. Note: | Includes bibliographical references (p. ... Read More |
Search for related items by subject
| Subject: | Indian philosophy > North America. Indians of North America > Religion. |
| LDR | 00932cam a2200265Ka 4500 | ||
|---|---|---|---|
| 001 | 40563 | ||
| 003 | LARL_NWRL_CONSORTIUM | ||
| 005 | 20040414082701.0 | ||
| 008 | 040308s2004 cau b 000 0 eng d | ||
| 020 | . | ‡a0060514566 : ‡c$24.95 | |
| 035 | . | ‡a(OCoLC)54657737 | |
| 040 | . | ‡aJRS ‡cJRS | |
| 092 | . | ‡a299.7 | |
| 092 | . | ‡a299.7 ‡bMcG | |
| 100 | 1 | . | ‡aMcGaa, Ed. ‡0(LARL_NWRL_CONSORTIUM)99767 |
| 245 | 1 | 0. | ‡aNature's way : ‡bnative wisdom for living in balance with the earth / ‡cEd McGaa, Eagle Man. |
| 250 | . | ‡a1st ed. | |
| 260 | . | ‡a[San Francisco] : ‡bHarper San Francisco, ‡cc2004. | |
| 300 | . | ‡axvi, 285 p. ; ‡c24 cm. | |
| 504 | . | ‡aIncludes bibliographical references (p. [275]-285). | |
| 650 | 0. | ‡aIndian philosophy ‡zNorth America. ‡0(LARL_NWRL_CONSORTIUM)22968 | |
| 650 | 0. | ‡aIndians of North America ‡xReligion. ‡0(LARL_NWRL_CONSORTIUM)22974 | |
| 901 | . | ‡a40563 ‡bOCLC ‡c40563 ‡tbiblio | |

Add to basket
Permalink
Enable Highlighting